| 000 | 00666nam a2200181 a 4500 | ||
|---|---|---|---|
| 001 | 000036092 | ||
| 005 | 20200930074853.0 | ||
| 008 | 111207s1996 mx 000 0 spa d | ||
| 020 | _a0079117635 | ||
| 040 |
_aDO-SdBNP _bspa _cBNPHU |
||
| 082 |
_axxxx _bxxxx |
||
| 100 | 1 |
_aE. Rye, David _962129 |
|
| 245 | 1 | 3 |
_aEl juego empresarial : _bjuegue a ganar desarrollando sus habilidades en la toma de decisiones en negocios / _cDavid E. Rye ; traducción Diana Trejo Gutiérrez. |
| 260 |
_aMéxico, : _bMcgraw-hill, _c1996. |
||
| 300 |
_axiii, 299 p. ; _c24 cm. |
||
| 500 | _aIncluye índice y notas al pie de las páginas | ||
| 700 | 1 |
_aTrejo Gutiérrez, Diana, _etr. _962130 |
|
| 999 |
_c35583 _d35583 |
||